| 000 | 00807nam a22002177a 4500 | ||
|---|---|---|---|
| 010 | _aB-515392-427 | ||
| 020 |
_a8184825595 _c225.00 |
||
| 020 |
_a9788184825596 _c225.00 |
||
| 035 | _aB-515392-427 | ||
| 037 | _bUBH/Ven. | ||
| 082 | _aS | ||
| 245 |
_aTamil classics / _cedited by Anant Pai; illustrated by Souren Roy |
||
| 260 |
_aMumbai _bAmar Chitra Katha _c2012 |
||
| 270 |
_aKrishna House, 3rd Floor, Raghuvanshi Mill Compound, S.B. Marg, Lower Parel (W) _bMumbai _e400013 |
||
| 300 |
_avol.1032, various pages : _c24cm(Hb) _bcol.ill. |
||
| 500 | _a5-in-1 | ||
| 505 | _aPrince jivaka, Kannagi, Kumanan, The adventures of pratapan, Mananmani. | ||
| 700 | _aPai, Anant | ||
| 942 |
_2ddc _cEN _mTAM _hS |
||
| 999 |
_c79090 _d79090 |
||